Constructivismo y Empoderamiento Estudiantil en América Latina.

Bibliographic Details
Main Author: Castillo Pérez, Nydia María
Format: Section = Libro
Language:Undetermined
Spanish
Published: México PAVSA 2009
Subjects:
LEADER 00674nam a2200205Ia 4500
008 241007s9999||||xx |||||||||||||| ||und||
020 |a 978-99924-20-12-6 
040 |a BIBLIOTECA-RURC/ 378.8 C764 
041 |a spa 
082 |a 378.8 C764 
100 1 |a Castillo Pérez, Nydia María 
245 1 0 |a Constructivismo y Empoderamiento Estudiantil en América Latina. 
260 |a México  |b PAVSA  |c 2009 
300 |a 217 p. :il. 
650 7 |a CONSTRUCCIÓN DE ESCENARIOS INTELIGENTES Y CREATIVOS 
650 7 |b  CONSTRUCTIVISMO Y EL APRENDIZAJE DE LOS ESTUDIANTES 
650 7 |c  RETOS Y DILEMAS PARA LOS JOVENES E INSTITUCIONES. 
942 |c BK  |2 ddc 
991 |a TEXTO 
999 |c 14323